Gender není sprosté slovo. Rovnost existuje, bariéry pro ženy ale nemizí

Žena, ktorá má rovnaké vzdelanie ako muž, dostáva v Českej republike výrazne nižší plat. Neexistujú výhradne mužské profesie. Ženy dokážu zvýšiť rast HDP v EÚ o miliardy. Program Erasmus+ môže pomôcť pri vzdelávaní aj v rodovej problematike. Erasmus+ stavia na medzinárodnej spolupráci. Pozitívom je...

Descrizione completa

Salvato in:
Dettagli Bibliografici
Autore principale: Fránek, Tomáš
Altri autori: Kelblová, Lucie
Natura: Capitolo di libro
Lingua:ceco
Soggetti:
Tags: Aggiungi Tag
Nessun Tag, puoi essere il primo ad aggiungerne!!

MARC

LEADER 00000naa a2200000 4500
001 0238678
005 20180111110855.8
041 0 |a cze 
044 |a CZ 
245 1 0 |a Gender není sprosté slovo. Rovnost existuje, bariéry pro ženy ale nemizí  |c Tomáš Fránek, Lucie Kelblová 
520 |a Žena, ktorá má rovnaké vzdelanie ako muž, dostáva v Českej republike výrazne nižší plat. Neexistujú výhradne mužské profesie. Ženy dokážu zvýšiť rast HDP v EÚ o miliardy. Program Erasmus+ môže pomôcť pri vzdelávaní aj v rodovej problematike. Erasmus+ stavia na medzinárodnej spolupráci. Pozitívom je rozmanitosť. 
610 2 0 |a vzdelávanie 
610 2 0 |a rovnosť rodová 
610 2 0 |a ženy 
610 2 0 |a muži 
610 2 0 |a kvalifikácia 
610 2 0 |a spolupráca medzinárodná 
610 2 0 |a programy študijné 
610 2 0 |a Európska únia 
100 1 |a Fránek, Tomáš 
700 1 |a Kelblová, Lucie